000 00619nam a2200241Ia 4500
003 OSt
005 20220928122725.0
006 a|||||r|||| 00| 0
007 ta
008 220927b |||||||| |||| 00| 0 eng d
024 _a56034
037 _cTextual
040 _aSDCL
_cSDCL
_beng
041 _2eng
_aeng
082 _aV73:24'N5, J8
100 _aKey V O
_9455190
245 0 _aPolitics parties and pressure groups
250 _a4
260 _aNew York
_b Thomas Y Crowell
_c1958
300 _axiv,783p
_ccm.
942 _hV73:24'N5, J8
_cTEXL
_2CC
999 _c772317
_d772317